000 02149cam a22004455a 4500
001 L158822
008 100119s2014 xxko f 001 0 eng d
020 _a9781900915724
035 _a(Sirsi) u158822
041 0 _aeng
050 0 4 _a690.241 $2 18
110 2 _aCathedral Communications Limited
_93087
245 0 0 _aHistoric churches
_bthe conservation and repair of ecclesiastical buildings
_h[electronic resource]
250 _a21st ed.
260 _aTisbury
_bCathedral Communications
_c2014
300 _a52p.
_bcol. ill.
_c30cm.
490 0 _aBuilding Conservation Directory Special Report
505 2 _aA spiritual enterprise: Douglas Strachan's stained glass in the Memorial Chapel, University of Glasgow -- Shared space: extending the use of churches in Oxfordshire -- Protective glazing -- 100 church treasures and The Altar of Sacrifice, Tostock Parish Church -- The management of bats in churches -- Saving Oldham's war memorial -- Structural glass for historic churches -- Alarms for church roofs -- Organ builders & restorers map -- Victorian and Edwardian stencilled decoration -- Church lighting -- Useful addresses -- Products and services -- Index of advertisers
520 _aDiscusses issues, building techniques and materials relevant to the conservation and repair of churches. Includes a directory of useful organisations, products and services.
521 2 _aAdvanced
590 _aKA
651 4 _aUnited Kingdom
_y
690 _aBUILT ENVIRONMENT-BUILDING MAINTENANCE AND REFURBISHMENT-BUILDING RESTORATION
700 1 _aHaynes, Nick
700 1 _aPayne, Becky
700 1 _aCurteis, Tobit
700 1 _aLuxford, Naomi
700 1 _aTownsend, Catherine
700 1 _aGaspar, Pedro
700 1 _aHarris, Andrew
700 1 _aManners, Jane
700 1 _aHazeldean, Peter
700 1 _aBrown, Angus
700 1 _aFloyd, Tim
700 1 _aHowell, Kevin
700 1 _aSutton Vane, Mark
710 2 _aBuilding Conservation Directory
_93988
856 4 1 _uhttps://www.buildingconservation.com/articles/allarticles.htm
_zView the articles at www.buildingconservation.com
942 _n0
_2ddc
999 _c115522
_d115522